000 00423nam a2200169Ia 4500
008 230524s9999 xx 000 0 und d
020 _a9788181478870
082 _a510
_bKOS
100 _aThomas Koshy
245 0 _aDiscrete Mathematics with Applications
250 _a1ST
260 _aNEW DELHI
_bAcademic Press
_c2005
300 _aXI;1031
500 _aQuantity Number: 37
650 _aMathematics
942 _cBK
999 _c28410
_d28410